1000 Chemistry Quiz (Record no. 64975)

000 -LEADER
fixed length control field 00348nam a22001457a 4500
008 - FIXED-LENGTH DATA ELEMENTS--GENERAL INFORMATION
fixed length control field 150901b xxu||||| |||| 00| 0 eng d
020 ## - INTERNATIONAL STANDARD BOOK NUMBER
International Standard Book Number -
082 ## - DEWEY DECIMAL CLASSIFICATION NUMBER
Classification number 540 DUB
100 ## - MAIN ENTRY--PERSONAL NAME
9 (RLIN) 6366
Personal name Dube, Maya
245 ## - TITLE STATEMENT
Title 1000 Chemistry Quiz
Statement of responsibility, etc. Maya Dube and C. Dube
260 ## - PUBLICATION, DISTRIBUTION, ETC.
Date of publication, distribution, etc. 1990
300 ## - PHYSICAL DESCRIPTION
Extent 248p.
650 ## - SUBJECT ADDED ENTRY--TOPICAL TERM
9 (RLIN) 6369
Topical term or geographic name entry element Chemistry quiz
General subdivision ME
942 ## - ADDED ENTRY ELEMENTS (KOHA)
Source of classification or shelving scheme
Koha item type Book
Holdings
Withdrawn status Lost status Source of classification or shelving scheme Damaged status Not for loan Permanent Location Current Location Shelving location Date acquired Total Checkouts Full call number Barcode Date last seen Price effective from Koha item type
          Pakistan Navy Engineering College (PNEC) Pakistan Navy Engineering College (PNEC)       540 DUB PNECLIB-021961 09/01/2015   Book
© 2023 Central Library, National University of Sciences and Technology. All Rights Reserved.